000 00821cam a22002653a 4500
001 7896
003 PGUSA
005 20140828083150.0
008 050401s2005||||xxu|||||s|||||000 1 eng d
040 _aPGUSA
_beng
042 _adc
050 4 _aPQ
100 1 _aLeblanc, Maurice,
_d1864-1941
245 1 4 _aThe Eight Strokes of the Clock
_h[electronic resource] /
_cMaurice Leblanc
260 _bProject Gutenberg,
_c2005
506 _aPublic domain in the USA.
516 _aElectronic text
653 _aLupin, Arsène (Fictitious character) -- Fiction
653 _aAdventure stories, French -- Translations into English
653 _aBurglars -- Fiction
740 0 _aHuit coups de l'horloge. English
830 0 _aProject Gutenberg
_v7896
856 4 0 _uhttp://www.gutenberg.org/ebooks/7896
942 _cEB
999 _c237196
_d237196